Build now, pay later? (Record no. 75869)

MARC details
000 -LEADER
fixed length control field 00624cab a2200181 4500
001 - CONTROL NUMBER
control field L130903
008 - FIXED-LENGTH DATA ELEMENTS--GENERAL INFORMATION
fixed length control field 050915n2005 000 0 eng u
035 ## - SYSTEM CONTROL NUMBER
System control number (Sirsi) u130903
041 0# - LANGUAGE CODE
Language code of text/sound track or separate title eng
100 1# - MAIN ENTRY--PERSONAL NAME
Personal name Thompson, Max
245 00 - TITLE STATEMENT
Title Build now, pay later?
260 ## - PUBLICATION, DISTRIBUTION, ETC.
Date of publication, distribution, etc. 2005
490 #0 - SERIES STATEMENT
Series statement QS Week
Volume/sequential designation (20) 7 September 2005, 12-13(2)
520 ## - SUMMARY, ETC.
Summary, etc. The National Specialist Contractors' Council (NSCC) believe that quantity surveyors are to blame for up to £3bn being held in retentions. Discusses whether quantity surveyors are really to blame.
590 ## - LOCAL NOTE (RLIN)
Local note IKA270905
690 ## - LOCAL SUBJECT ADDED ENTRY--TOPICAL TERM (OCLC, RLIN)
Topical term or geographic name as entry element Quantity surveying
9 (RLIN) 6263
942 ## - ADDED ENTRY ELEMENTS (KOHA)
Suppress in OPAC 0
Holdings
Withdrawn status Lost status Source of classification or shelving scheme Damaged status Not for loan Home library Current library Shelving location Date acquired Total Checkouts Full call number Barcode Date last seen Copy number Price effective from Koha item type
    Dewey Decimal Classification     London London Journal article 15/09/2005   L130903 130903-1001 06/08/2019 1 06/08/2019 Journal article